Untouchable. (Record no. 112837)

MARC details
000 -LEADER
fixed length control field 00326nam a2200133Ia 4500
008 - FIXED-LENGTH DATA ELEMENTS--GENERAL INFORMATION
fixed length control field 210210b1970 xxu||||| |||| 00| 0 eng d
082 ## - DEWEY DECIMAL CLASSIFICATION NUMBER
Classification number 820.33 ANAU
100 ## - MAIN ENTRY--PERSONAL NAME
Personal name ANAND (Mulk Raj).
245 ## - TITLE STATEMENT
Title Untouchable.
260 ## - PUBLICATION, DISTRIBUTION, ETC.
Place of publication, distribution, etc. ND
Name of publisher, distributor, etc. Orient Paperback
Date of publication, distribution, etc. 1970
300 ## - PHYSICAL DESCRIPTION
Extent 181
690 ## - LOCAL SUBJECT ADDED ENTRY--TOPICAL TERM (OCLC, RLIN)
Topical term or geographic name as entry element Indian English Fiction
906 ## - LOCAL DATA ELEMENT F, LDF (RLIN)
a SG01254
Holdings
Withdrawn status Lost status Source of classification or shelving scheme Damaged status Not for loan Home library Current library Shelving location Date acquired Cost, normal purchase price Total Checkouts Full call number Barcode Date last seen Price effective from Koha item type
    Dewey Decimal Classification     St Aloysius Library St Aloysius Library Secondary stack section 02/17/2021 0.00   820.33 ANAU SG01254 02/17/2021 02/17/2021 Special Grants